Broadway Musicals (A-Z) Quiz Stats

 Plays Quiz Updated Mar 14, 2018

Score 0/26 Timer 08:00
11 Plays Today
Letter Broadway Musical % Correct
CChicago
88.5%
MMamma Mia!
86.6%
WWicked
82.6%
RRent
82.2%
EEvita
77.2%
LLes Misérables
74.8%
FFiddler on the Roof
71.3%
AAvenue Q
66.8%
PThe Producers
66.6%
HHairspray
66.1%
GGuys and Dolls
60.9%
OOklahoma!
55.8%
UUrinetown
45%
Letter Broadway Musical % Correct
JJersey Boys
44.3%
SSouth Pacific
40.9%
BBye Bye Birdie
36.4%
DDamn Yankees
32.8%
XXanadu
31.7%
KKiss Me Kate
29.8%
IIn the Heights
24.4%
NNext to Normal
23.7%
YYoung Frankenstein
20.6%
VVictor/Victoria
20.2%
TThoroughly Modern Millie
20.1%
ZZorba
7.4%
QQuilters
4.9%

You're not logged in!

Compare scores with friends on all Sporcle quizzes.
OR
Log In

Sporcle TV

Today on Sporcle TV


Watch our educational content, quiz creation guides, and fun videos on Sporcle TV.

Show Comments

Extras

Top Quizzes Today


Score Distribution

Your Account Isn't Verified!

In order to create a playlist on Sporcle, you need to verify the email address you used during registration. Go to your Sporcle Settings to finish the process.

Report this User

Report this user for behavior that violates our Community Guidelines.

Details: